000 01587cam a22003614a 4500
001 742337
003 NUST - PNEC
005 20170116181055.0
008 990701s2000 maua b 001 0 eng
010 _a 99037108
020 _a0071164685
020 _a0072321016
040 _aDLC
_cLIBRARY
_dDLC
042 _apcc
050 0 0 _aTK5103.59
_b.K44 2000
082 0 0 _a621.38275 KEI
100 1 _aKeiser, Gerd.
245 1 0 _aOptical fiber communications /
_cGerd Keiser.
250 _a3rd ed.
260 _aBoston, MA :
_bMcGraw-Hill,
_c2000.
300 _axxi, 602 p. :
_bill. ;
_c25 cm.
440 0 _aMcGraw-Hill series in electrical and computer engineering.
_pPNECCommunications and signal processing
504 _aIncludes bibliographical references.
538 _aSystem requirements for computer laser optical disc: IBM PC with 200 MHz processor, 64 MB of RAM and Windows95, Windows98, or Windows NT.
650 0 _aOptical communications.
_xMS Communication, EL
650 0 _aFiber optics.
856 4 2 _3Publisher description
_uhttp://www.loc.gov/catdir/description/mh023/99037108.html
856 4 1 _3Table of contents
_uhttp://www.loc.gov/catdir/toc/mh023/99037108.html
856 4 2 _3Contributor biographical information
_uhttp://www.loc.gov/catdir/enhancements/fy0737/99037108-b.html
906 _a7
_bcbc
_corignew
_d1
_eocip
_f19
_gy-gencatlg
942 _2ddc
_cBK
999 _c68521
_d68521